MICROECONOMICS: THEORY AND APPLICATIONS (Record no. 10527)
[ view plain ]
| 000 -LEADER | |
|---|---|
| fixed length control field | 00349nam a22001577a 4500 |
| 003 - CONTROL NUMBER IDENTIFIER | |
| control field | SGT |
| 020 ## - INTERNATIONAL STANDARD BOOK NUMBER | |
| International Standard Book Number | 9789325986701 |
| 082 ## - DEWEY DECIMAL CLASSIFICATION NUMBER | |
| Classification number | 338.5 DWI |
| 100 ## - MAIN ENTRY--PERSONAL NAME | |
| Personal name | DWIVEDI,D.N |
| 245 ## - TITLE STATEMENT | |
| Title | MICROECONOMICS: THEORY AND APPLICATIONS |
| 250 ## - EDITION STATEMENT | |
| Edition statement | 3RD |
| 260 ## - PUBLICATION, DISTRIBUTION, ETC. (IMPRINT) | |
| Place of publication, distribution, etc | NEW DELHI |
| Name of publisher, distributor, etc | VIKAS |
| Year of Publication | 2016 |
| 300 ## - PAGE DESCRIPTION | |
| No. of Pages | 651 |
| 650 ## - SUBJECT ADDED ENTRY--TOPICAL TERM | |
| Topical term or geographic name as entry element | MICROECONOMICS |
| 942 ## - ADDED ENTRY ELEMENTS (KOHA) | |
| Source of classification or shelving scheme | Dewey Decimal Classification |
| Koha item type | FCM Books |
| 942 ## - ADDED ENTRY ELEMENTS (KOHA) | |
| -- | 7 |
| Withdrawn status | Lost status | Source of classification or shelving scheme | Damaged status | Not for loan | Collection code | Home library | Current library | Shelving location | Date acquired | Vendor Name | Cost, normal purchase price | SGTU | Bill Number | Total Checkouts | Full call number | Accession No. (Barcode) | Date last seen | Date last borrowed | Bill Date | Koha item type |
|---|---|---|---|---|---|---|---|---|---|---|---|---|---|---|---|---|---|---|---|---|
| Dewey Decimal Classification | COMMERCE MANAGEMENT | SGT Science & Social Sciences Library | SGT Science & Social Sciences Library | On Display | 19/01/2017 | INDIA PUBLISHERS & DISTRIBUTORS | 425.00 | SGTU | 117 | 25 | 338.5 DWI | CM3402 | 08/01/2024 | 04/01/2024 | 20/12/2016 | FCM Books | ||||
| Dewey Decimal Classification | Not For Loan | COMMERCE MANAGEMENT | SGT Science & Social Sciences Library | SGT Science & Social Sciences Library | Reference Book | 19/01/2017 | INDIA PUBLISHERS & DISTRIBUTORS | 425.00 | SGTU | 117 | 1 | 338.5 DWI | CM3403 | 18/10/2022 | 17/10/2022 | 20/12/2016 | FCM Books |